Guitar Hero Franchise - Statistics

General Stats
  • This quiz has been taken 59 times
  • The average score is 14 of 21
Answer Stats
Type Year Name Info % Correct
Video Game 2005 Guitar Hero RedOctane
100%
Video Game 2006 Guitar Hero II RedOctane / Activision
100%
Video Game 2007 Guitar Hero III: Legends of Rock Activision
100%
Video Game 2008 Guitar Hero World Tour Activision
98%
Video Game 2009 Guitar Hero 5 Activision
95%
Video Game 2010 Guitar Hero: Warriors of Rock Activision
85%
Video Game 2008 Guitar Hero: Aerosmith Activision
80%
Video Game 2015 Guitar Hero Live Activision
78%
Video Game 2009 Guitar Hero: Metallica Activision
78%
Video Game 2009 Band Hero Activision
76%
Video Game 2009 Guitar Hero: Van Halen Activision
73%
Video Game 2009 DJ Hero Activision
63%
Video Game 2008 Guitar Hero: On Tour Activision
63%
Video Game 2007 Guitar Hero Encore: Rocks the 80s Activision
59%
Video Game 2009 Guitar Hero Smash Hits Activision
59%
Video Game 2010 DJ Hero 2 Activision
56%
Video Game 2008 Guitar Hero On Tour: Decades Activision
51%
Video Game 2009 Guitar Hero On Tour: Modern Hits Activision
34%
Video Game 2009 Guitar Hero 5 Mobile Hands-On Mobile
20%
Video Game 2007 Guitar Hero III Mobile Hands-On Mobile
20%
Video Game 2008 Guitar Hero World Tour Mobile Hands-On Mobile
17%
No matching quizzes found
Score Distribution
Percent of People with Each Score
Percentile by Number Answered
Your Score History
You have not taken this quiz